Central Library OPAC University of Rajshahi

قائد اعظم جناح میری نظر میں /Quaid-e-Azam Jinnah meri nazar min / (Record no. 81724)

MARC details
000 -LEADER
fixed length control field 00766nam a2200205 a 4500
001 - CONTROL NUMBER
control field 81724
003 - CONTROL NUMBER IDENTIFIER
rucl marc code BD-RjUL
005 - DATE AND TIME OF LATEST TRANSACTION
control field 20230820135129.0
008 - FIXED-LENGTH DATA ELEMENTS--GENERAL INFORMATION
fixed length control field 101115s1952 ua 000 0 ara d
035 ## - SYSTEM CONTROL NUMBER
System control number (BD-RjUL)81724
040 ## - CATALOGING SOURCE
Original cataloging agency NNL
Language of cataloging ara
Transcribing agency BD-RjUL
041 0# - LANGUAGE CODE
Language code of text/sound track or separate title ara
082 ## - DEWEY DECIMAL CLASSIFICATION NUMBER
Edition number 23
Classification number 891.439092
Author mark and year ISQ 1968
100 1# - MAIN ENTRY--PERSONAL NAME
Personal name اصفہانی٫ مرزا ابوالحسن، ;; Isfahani, Mirza Abul Hasan
Dates associated with a name 1889-1964
9 (RLIN) 6777
245 12 - TITLE STATEMENT
Title قائد اعظم جناح میری نظر میں /Quaid-e-Azam Jinnah meri nazar min /
Statement of responsibility, etc. تأليف مرزا ابوالحسن اصفہانی ;; .Mirza Abul Hasan Isfahani
260 ## - PUBLICATION, DISTRIBUTION, ETC. (IMPRINT)
Place of publication, distribution, etc. [کراچی] :
Name of publisher, distributor, etc. روٹا پرنٹ
Date of publication, distribution, etc. 1968
300 ## - PHYSICAL DESCRIPTION
Pagination 453 p. ;
Size 23 cm
600 ## - SUBJECT ADDED ENTRY--PERSONAL NAME
Personal name Jinnah, Mahomed Ali,
Dates associated with a name 1876-1948
942 ## - ADDED ENTRY ELEMENTS (KOHA)
Source of classification or shelving scheme Dewey Decimal Classification
Koha item type Books
Holdings
Lost status Source of classification or shelving scheme Damaged status Not for loan Collection code Permanent Location Current Location Shelving location Date acquired Source of acquisition Cost, normal purchase price Total Checkouts Full call number Date last seen Copy number Koha item type
  Dewey Decimal Classification   Not For Loan Non-fiction Central Library, University of Rajshahi Central Library, University of Rajshahi Reading Room 22/09/1969 book Center 12.50   891.439092 ISQ 1968 20/08/2023 C-1 Books